000 00459nam a2200169Ia 4500
003 GCL
008 140319s9999 xx 000 0 eng d
040 _aGCL /
_cGCL
082 0 4 _a617.15
_bM P
100 1 _aMCRAE, RONALD
245 1 0 _aPRACTICAL FRACTURE TREATMENT /
_cMCRAE, RONALD
260 _a[S.N] :
_bELBS WITH CHURCHILL LIVINGSTONE ،
_c1994
300 _a389 P
650 0 4 _aPATHOLOGY CLINICAL
650 0 4 _aFRACTURES, TREATMENT
942 _2ddc
_cBK
999 _c19848
_d19848